000 00296nam a2200121Ia 4500
008 190902s9999||||xx |||||||||||||| ||und||
020 _a0-534-03053-X
100 _aMohapatra,Pratap K.J.
245 0 _aSoftware Engineering
260 _aIndia
_bThe McGraw-Hill
_c2010
300 _a474
942 _cBK
999 _c2772
_d2772